| 000 | 00919cab a2200253 4500 | ||
|---|---|---|---|
| 001 | WB3231-50 | ||
| 008 | 090401t1996 xxu||||| |||| 00| 0 eng d | ||
| 035 | _a(Sirsi) u69677 | ||
| 041 | _aeng | ||
| 245 | _aCommon land - registration | ||
| 260 | _c1996 | ||
| 350 | _a0 | ||
| 490 |
_aEstates Gazette Case Summaries _v[1996] EGCS 134 (3/8/96) |
||
| 520 | _a"Brackenbank Lodge Ltd v Peart and others", HL 24 July 1996. The owner of a disputed piece of land was the company which had bought it from the previous owners. The owners of stints on this land only had grazing rights on it. They did not have ownership rights. | ||
| 650 | _aBRACKENBANK LODGE LTD V PEART AND OTHERS | ||
| 650 | _aCOMMONS REGISTRATION ACT 1965 | ||
| 650 | _aENCLOSURE ACT 1799 | ||
| 650 | _aGRAZING RIGHTS | ||
| 650 | _aLAND OWNERSHIP | ||
| 650 | _aSTINT HOLDERS | ||
| 690 | _aLAND-CASE LAW | ||
| 942 | _n0 | ||
| 948 | _c04/03/1997 | ||
| 999 |
_c43782 _d43782 |
||